000 00373nam a22001457a 4500
003 GBCCL
005 20251209144138.0
008 251209b |||||||| |||| 00| 0 eng d
040 _cGBC
082 _aSOU DOR
_b2025
245 _aDorka pawl 1950-2025 souvenir :
_bToupa'n honpi zel
260 _aLamka :
_bEBC Dorka pawl,
_c2025
300 _a91p. ;
942 _2ddc
_cARCH
_n0
999 _c11106
_d11106